000 00701nam a2200253Ia 4500
003 OSt
005 20221006160318.0
006 a|||||r|||| 00| 0
007 ta
008 221006b |||||||| |||| 00| 0 kor d
020 _a9788971419656
_cW20,000
024 _a44,907
037 _bGift, Window on Korea
_cTextual
040 _aEASL
_cEASL
_bkor
041 _2kor
_akor
082 _aP495, Q3.9
245 0 _aKorean grammar practice for foreigners
_b Eanglish version
260 _aSeoul
_bYonsei University Korea
_c2013
300 _a284p.
_ccm.
490 _v V.9KL
650 _aKL
942 _hP495, Q3.9
_cTEXL
_2CC
999 _c1112999
_d1112999